| 000 | 01019cam a22003135i 4500 | ||
|---|---|---|---|
| 999 |
_c28943 _d28914 |
||
| 001 | 14790947 | ||
| 003 | EG-ScBUE | ||
| 005 | 20201018092645.0 | ||
| 008 | 070330t20082008njua f b 001 0 eng d | ||
| 020 | _a0132281732 | ||
| 020 | _a9780132281737 | ||
| 035 |
_a(OCoLC)122338106 _z(OCoLC)150347212 |
||
| 035 | _a(OCoLC)ocn122338106 | ||
| 040 |
_aDLC _beng _erda _cDLC _dBAKER _dC#P _dYDXCP _dBTCTA _dDLC _dEG-ScBUE |
||
| 082 | 0 | 4 |
_a620.3 _bINM _222 |
| 100 | 1 |
_aInman, D. J., _eauthor. |
|
| 245 | 1 | 0 |
_aEngineering vibration / _cDaniel J. Inman, Virginia Tech. |
| 250 | _aThird edition. | ||
| 264 | 1 |
_aUpper Saddle River, New Jersey : _bPearson Education / Prentice Hall, _c[2008] |
|
| 264 | 4 | _cc2008 | |
| 300 |
_axiv, 669 pages : _billustrations ; _c25 cm |
||
| 336 |
_atext _btxt _2rdacontent |
||
| 337 |
_aunmediated _bn _2rdamedia |
||
| 338 |
_avolume _bnc _2rdacarrier |
||
| 504 | _aIncludes bibliographical references and index. | ||
| 650 | 7 |
_aVibration. _2BUEsh |
|
| 653 |
_bENGGEN _cOctober2020 |
||
| 942 |
_2ddc _cBB |
||